书目信息 |
| 题名: |
社会主义从空想到科学的发展
|
|
| 作者: | 恩格斯 著 ;中央编译局 编译 | |
| 分册: | ||
| 出版信息: | 北京 人民出版社 2018 |
|
| 页数: | 140页 | |
| 开本: | 26cm | |
| 丛书名: | ||
| 单 册: | ||
| 中图分类: | A124 | |
| 科图分类: | ||
| 主题词: | 科学社会主义理论--恩格斯著作 | |
| 电子资源: | ||
| ISBN: | 978-7-01-018987-1 | |
| 000 | 01148nam0 2200241 450 | |
| 001 | 2278013881 | |
| 005 | 20220930214040.22 | |
| 010 | @a978-7-01-018987-1@dCNY28.00 | |
| 100 | @a20181129d2018 em y0chiy50 ea | |
| 101 | 1 | @achi@cger |
| 102 | @aCN@b110000 | |
| 105 | @aa z 001yy | |
| 200 | 1 | @a社会主义从空想到科学的发展@9she hui zhu yi cong kong xiang dao ke xue de fa zhan@f恩格斯[著]@g中共中央马克思恩格斯列宁斯大林著作编译局编译 |
| 210 | @a北京@c人民出版社@d2018 | |
| 215 | @a140页@c图@d26cm | |
| 300 | @a纪念马克思诞辰200周年 马克思恩格斯著作特辑/韦建桦主编 | |
| 330 | @a本书概述了社会主义思想的历史发展,评述了三大空想社会主义者的理论贡献和历史局限性,阐明了科学社会主义的理论来源;论述了唯物辩证法和形而上学的根本区别以及辩证唯物主义的自然观和历史观的创立过程,指出正是由于马克思创立了唯物史观和剩余价值理论,社会主义从空想变成了科学,深刻揭示了马克思主义三个组成部分的内在联系。 | |
| 606 | 0 | @a科学社会主义理论@x恩格斯著作 |
| 690 | @aA124@v5 | |
| 701 | 0 | @c(德)@a恩格斯@9en ge si@c(Engels, Friedrich@f1820~1895)@4著 |
| 712 | 02 | @a中央编译局@9zhong yang bian yi ju@4编译 |
| 801 | 0 | @aCN@b91MARC@c20181129 |
| 905 | @aZUCC@dA124@e4 | |
| 社会主义从空想到科学的发展/恩格斯[著]/中共中央马克思恩格斯列宁斯大林著作编译局编译.-北京:人民出版社,2018 |
| 140页:图;26cm |
| 纪念马克思诞辰200周年 马克思恩格斯著作特辑/韦建桦主编 |
| ISBN 978-7-01-018987-1:CNY28.00 |
| 本书概述了社会主义思想的历史发展,评述了三大空想社会主义者的理论贡献和历史局限性,阐明了科学社会主义的理论来源;论述了唯物辩证法和形而上学的根本区别以及辩证唯物主义的自然观和历史观的创立过程,指出正是由于马克思创立了唯物史观和剩余价值理论,社会主义从空想变成了科学,深刻揭示了马克思主义三个组成部分的内在联系。 |
| ● |
| 相关链接 |
|
|
|
正题名:社会主义从空想到科学的发展
索取号:A124/4
 
预约/预借
| 序号 | 登录号 | 条形码 | 馆藏地/架位号 | 状态 | 备注 |
| 1 | 2000909779 | 2000909779 | 第三书库/ [索取号:A124/4] | 在馆 | |
| 2 | 2000909780 | 2000909780 | 第三书库/ [索取号:A124/4] | 在馆 | |
| 3 | 2000909781 | 2000909781 | 第三书库/ [索取号:A124/4] | 在馆 |